00823nam a2200229 a 450000100100000000500170001000800410002702000150006804000250008308200170010810000360012524501350016126000360029630000280033249000270036050000740038750400510046160000140051265100190052665100210054583000270056600001946820200929170027.0100629s2005 sp a 000 0 spa d a8497647416 aDO-SdBNPbspacBNPHU a923.1bN383A1 aArmijo Navarro-Reverter, Teresa10aNefertiti :bseñora de las dos tierras, ámbito político, social y religioso de su reinado /cTeresa Armijo Navarro-Reverter. aMadrid :bEdimat Libros,c2005. a191 p. :bil. ;c23 cm.1 aMujeres en la historia aIncluye datos biográficos de la autora en la solapa de la cubierta. aIncluye referencias bibliográficas ( p. 177)14aNEFERTITI 4aEgiptoxReinas 4aEgiptoxHistoria 0aMujeres en la historia